Score 0/11 Timer 02:00
9 Plays Today
% Correct
Kyiv
93.9%
Kuwait City
93.5%
Kuala Lumpur
91.3%
Kingston
89.2%
Kabul
89.1%
Kathmandu
88.8%
Khartoum
80.8%
Kingstown
72.8%
Kampala
67.2%
Kigali
67.2%
Kinshasa
63.4%

You're not logged in!

Compare scores with friends on all Sporcle quizzes.
OR
Log In

Sporcle TV

Today on Sporcle TV


Watch our educational content, quiz creation guides, and fun videos on Sporcle TV.

Show Comments

Extras

Top Quizzes Today


Score Distribution

Paid Content

Your Account Isn't Verified!

In order to create a playlist on Sporcle, you need to verify the email address you used during registration. Go to your Sporcle Settings to finish the process.

Report this User

Report this user for behavior that violates our Community Guidelines.

Details: